les 10 plats préférés des français - Statistiques

Statistiques générales
  • Ce quiz a été pris 971 fois
  • Le résultat moyen est 3 sur 10
Statistiques - réponses
Hint Réponse % Correct
9 Raclette
84%
8 boeuf bourguignon
53%
3 couscous
51%
4 blanquette de veau
33%
7 steak frites
17%
2 moules frites
8%
1 magret de canard
7%
5 côte de boeuf
6%
6 gigot d'agneau
3%
10 tomates farcies
2%
Aucun quiz correspondant
Distribution des résultats
% des personnes avec chaque résultat
Percentile par nombre de réponses
Votre historique - résultats
Vous n’avez pas pris ce quiz